00733nam a2200253Ia 4500008004000000020001800040041000800058082001500066100002400081245004800105250000500153260003900158300001200197650001500209650000700224650001600231650001800247650000600265650000600271690001600277906001100293999001900304952015600323210210b2009 xxu||||| |||| 00| 0 eng d a9788131728079 aeng a158.3 GLAC aGLADDING (Samuel T) aCounseling: a comprehensive profession Ed 6 a aNew DelhibPearson Educationc2009 axvi,583 aprofession aEd aCounseling: acomprehensive aa a6 aCounselling a064662 c141555d141555 001040708PsychologyaALbALcPsychologyd2021-02-17eKnowledge Worldg499.00l1o158.3 GLACp064662r2022-02-17 00:00:00s2022-02-12w2021-02-17yBK